| 000 | 00592cam a2200145 4500500 | ||
|---|---|---|---|
| 005 | 20260201153733.0 | ||
| 041 | _afre | ||
| 042 | _adc | ||
| 100 | 1 | 0 |
_aAlante-Lima, Willy _eauthor |
| 245 | 0 | 0 | _aDictionnaire des gens de couleur dans la France moderne – Directeur éditorial Erick Noël, Droz, Collection Bibliothèque des Lumières, 2013, XXVI 964 pages |
| 260 | _c2015. | ||
| 500 | _a76 | ||
| 786 | 0 | _nPrésence Africaine | 190 | 2 | 2015-06-26 | p. 315d-334d | 0032-7638 | |
| 856 | 4 | 1 | _uhttps://shs.cairn.info/revue-presence-africaine-2014-2-page-315d?lang=fr&redirect-ssocas=7080 |
| 999 |
_c1643142 _d1643142 |
||